000 00614nam a2200217Ia 4500
003 GCL
008 140319s9999 xx 000 0 ara d
040 _aGCL /
_cGCL
082 0 4 _a649.1
_bش ح
100 1 _aميشال ابى فاضل
245 1 0 _aحقوق الطفل /
_cميشال ابى فاضل
700 1 _aشازال، جان
260 _a[S.N] :
_bمنشورات عويدان ،
_c1983
300 _a143 ص
490 _aزدنى علما
_v0
650 0 4 _aالتربية
650 0 4 _aالاطفال
650 0 4 _aالرعاية
650 0 4 _aالاباء والابناء
942 _2ddc
_cBK
999 _c35874
_d35874